Statistics for Guns in Call of Duty Mobile - Snipers

Click here to take the quiz!

General Stats

  • This quiz has been taken 144 times
  • The average score is 3 of 6

Answer Stats

Answer% Correct
Locus
86%
DL Q33
69%
Outlaw
61%
Arctic. 50
42%
XPR-50
35%
M21 EBR
33%

Score Distribution

Percentile by Number Answered

Percent of People with Each Score

Your Score History

You have not taken this quiz